| 000 | 00585nam a2200205 a 4500 | ||
|---|---|---|---|
| 005 | 20140310183141.0 | ||
| 008 | 020819s19uu xx 00 eng d | ||
| 020 | _a1574442821 | ||
| 050 |
_aHD 58.7 _b.En4458 2000 |
||
| 100 | _aEnos, Daryl D. | ||
| 245 |
_aPerformance improvement : _bmaking it happen / _cDaryl D. Enos. |
||
| 260 |
_aLondon : _bSt.Lucie Press, _c2000. |
||
| 300 |
_a198 p. : _bill. ; _c25 cm. |
||
| 521 | _aBSBA | ||
| 650 | _aOrganizational effectiveness | ||
| 650 | _aPerformance | ||
| 650 | _aTeams in the workplace | ||
| 942 |
_cBK _2lcc _kFOR |
||
| 999 |
_c19403 _d19403 |
||